Taylor Swift the Album: All Songs - Statistics

General Stats
  • This quiz has been taken 8 times
  • The average score is 8 of 11
Answer Stats
Track No. Taylor Swift % Correct
2 Picture To Burn
100%
1 Tim McGraw
100%
3 Teardrops On My Guitar
88%
4 A Place In This World
75%
5 Cold As You
75%
9 Should’ve Said No
75%
8 Stay Beautiful
75%
11 Our Song
63%
6 The Outside
63%
10 Mary’s Song (Oh My My My)
50%
7 Tied Together With A Smile
50%
No matching quizzes found
Score Distribution
Percent of People with Each Score
Percentile by Number Answered
Your Score History
You have not taken this quiz